Ciencia y proletariado (Record no. 145734)

MARC details
000 -LEADER
campo de control de longitud fija 00918nam a2200253 i 4500
001 - NÚMERO DE CONTROL
campo de control 145734
003 - IDENTIFICADOR DE NÚMERO DE CONTROL
campo de control ES-MaACL
005 - FECHA Y HORA DE LA ÚLTIMA TRANSACCIÓN
campo de control 20250826005751.0
007 - CAMPO FIJO DE DESCRIPCIÓN FÍSICA--INFORMACIÓN GENERAL
campo de control de longitud fija t|
008 - DATOS DE LONGITUD FIJA--INFORMACIÓN GENERAL
campo de control de longitud fija 071016s1973 sp |||| | spa d
020 ## - NÚMERO INTERNACIONAL ESTÁNDAR DEL LIBRO
Número Internacional Estándar del Libro 84-229-0151-X
100 1# - ENTRADA PRINCIPAL--NOMBRE DE PERSONA
Nombre de persona Vera, Jaime,
Fechas asociadas al nombre 1858-1918
9 (RLIN) 113945
245 10 - MENCIÓN DEL TÍTULO
Título Ciencia y proletariado
Resto del título : escritos seleccionados /
Mención de responsabilidad, etc. Jaime Vera ; prólogo y selección de Juan José Castillo.
260 ## - PUBLICACIÓN, DISTRIBUCIÓN, ETC.
Lugar de publicación, distribución, etc. Madrid :
Nombre del editor, distribuidor, etc. Cuadernos para el Diálogo,
Fecha de publicación, distribución, etc. 1973.
300 ## - DESCRIPCIÓN FÍSICA
Extensión 343 p. ;
Dimensiones 18 cm.
490 1# - MENCIÓN DE SERIE
Mención de serie Divulgación universitraria. Movimiento obrero ;
Designación de volumen o secuencia 51
650 #4 - PUNTO DE ACCESO ADICIONAL DE MATERIA--TÉRMINO DE MATERIA
Término de materia o nombre geográfico como elemento de entrada Socialismo-
Subdivisión geográfica España.
9 (RLIN) 17155
650 #4 - PUNTO DE ACCESO ADICIONAL DE MATERIA--TÉRMINO DE MATERIA
Término de materia o nombre geográfico como elemento de entrada Partidos socialistas-
Subdivisión geográfica España.
9 (RLIN) 167363
700 1# - ENTRADA AGREGADA--NOMBRE PERSONAL
Nombre de persona Castillo, Juan José.
9 (RLIN) 36703
710 2# - ENTRADA AGREGADA--NOMBRE DE ENTIDAD CORPORATIVA
Nombre de entidad corporativa o nombre de jurisdicción como elemento de entrada Cuadernos para el Diálogo.
9 (RLIN) 3333
830 10 - PUNTO DE ACCESO ADICIONAL DE SERIE-TÍTULO UNIFORME
Título uniforme Divulgación universitaria.
Nombre de parte o sección de la obra Movimiento obrero
Designación de volumen o secuencia 51
9 (RLIN) 220795
852 ## - LOCALIZACIÓN
Ubicación ES-MaACL
Número de control de estantería C-53686
Holdings
Estatus retirado Estado de pérdida Estado de daño No para préstamo Biblioteca de origen Biblioteca actual Ubicación en estantería Fecha de adquisición Fuente de adquisición Total de préstamos Signatura topográfica completa Código de barras Visto por última vez Precio de reemplazo Tipo de ítem Koha
        Biblioteca del Ateneo de Madrid Biblioteca del Ateneo de Madrid Depósito 2 17/01/2008     C-53686 1152123 23/02/2023 23/02/2023 Libro impreso